00593naa#a2200169#i#4500001001600000005001700016011001400033100004100047102000700088200009300095210011000188215001000298608002700308675005200335700000600387856003000393EN\\bibl\12125420260502075609.6##a1994-4683##a20230803b2023####ek#y0engy0150####ca##aRU1#aTRAINING OF KURASH SPECIALISTS ON THE BASIS OF INTERNATIONAL EXPERIENCEeJournal article1#aMoscowcNational State University of Physical Education, Sports and Health named after P.F. Lesgaftd2023##a4 с.##aJournal article2local##aНародные виды борьбы. 796.817#1g 4#auchzapiski.lesgaft.spb.ru